000 00800nam a2200253 i 4500
001 bgj
245 1 0 _aA midsummer night's dream :
_bnotes, including scene by scene synopsis - character sketches, selected examination questions and answers /
_cconsulting editor James L. Roberts.
260 _aLincoln, NB :
_bCliff's Notes
_ccop. 1960.
300 _a90 s. ;
_c21 cm.
490 1 _aCliffsNotes
600 1 _aShakespeare, William
_d(1564-1616)
_tA midsummer night's dream
650 9 _aLiteratura angielska
650 9 _aDramat angielski
700 1 _aROBERTS, James L.
830 _aCliffsNotes
020 _a0822000571
040 _cBPK
041 0 _aeng
044 _aUSA
080 _a821.111
920 _a0-8220-0057-1
942 _cKS
008 s uk f |000 0 eng
999 _c50050
_d50050